Statistics for planets from star wars

Click here to take the quiz!

General Stats

  • This quiz has been taken 9 times
  • The average score is 20 of 103

Answer Stats

Answer% Correct
hoth
89%
mustafar
89%
naboo
89%
tatooine
89%
yavin
89%
alderaan
78%
endor
78%
jakku
78%
geonosis
67%
utapau
67%
bespin
44%
corusant
44%
dagobah
44%
kamino
44%
kashyyyk
44%
corellia
33%
crait
33%
lothal
33%
malastare
33%
mandalore
33%
mon cala
33%
rodia
33%
ryloth
33%
aleen
22%
dantooine
22%
dathomir
22%
d'qar
22%
eadu
22%
felucia
22%
kessel
22%
mortis
22%
saleucami
22%
umbara
22%
vandor
22%
anexes
11%
bahryn
11%
ballnab
11%
bardotta
11%
bogano
11%
castell
11%
Christophsis
11%
corvus
11%
dandoran
11%
devaron
11%
Jalindi
11%
er'kit
11%
florrum
11%
force planet
11%
hosnian prime
11%
ilum
11%
jedha
11%
kijimi
11%
lola sayu
11%
lotho
11%
malachor
11%
moraband
11%
mygeeto
11%
nevarro
11%
numidian prime
11%
onderon
11%
pantora
11%
poletec
11%
Quarzite
11%
ravinak
11%
savareen
11%
seelos
11%
teth
11%
thala-siren
11%
toydaria
11%
varakana
11%
vardos
11%
yarma
11%
yerbana
11%
zygerria
11%
Aeos Prime
0%
agamar
0%
arvala 7
0%
ashas ree
0%
attolan
0%
bracca
0%
cantonica
0%
carlec
0%
Castilon
0%
duro
0%
ibaar
0%
kiros
0%
lotho minor
0%
mykapo
0%
nal hutta
0%
nixus
0%
oba diah
0%
ord mentell
0%
partrolia
0%
pasaana
0%
pillio
0%
quazite
0%
raxus
0%
ringo vinda
0%
savereen
0%
scaris
0%
skako minor
0%
sorgan
0%
umbaran
0%

Score Distribution

Percentile by Number Answered

Percent of People with Each Score

Your Score History

You have not taken this quiz